000 00639nam a2200253Ia 4500
005 20260121155007.0
008 008 260114s9999 xx 000 0 eng d
020 _a9780429353123
037 _aEBOOK
040 _aCRL
040 _beng
040 _cCRL
041 _2eng
041 _aeng
084 _qCRL
100 _a Rombert Stapel
_91014050
245 0 _aMedieval Authorship and Cultural Exchange in the Late Fifteenth Century
260 _bTaylor and Francis
260 _c2021
856 _uhttp://www.taylorfrancis.com/books/9780429353123
942 _cEBOOK
999 _c1580869
_d1580869